000 00659nam a2200241 i 4500
001 C2-0286331
003 PPAK
005 20180728015812.0
008 080122s1989 nyua|||| ||||| | eng d
020 _a0940112043
040 _aPPAK
_beng
_cPPAK
_erda
082 0 4 _a823
_223
090 0 0 _a823
_bNOB
_dLCK
100 1 _aNobisso, Josephine,
_eauthor
245 1 0 _aGrandpa loved
264 1 _aNew York :
_bGingerbread House ,
_c1989
300 _a[30 pages] :
_bcolour illustrations ;
_c21 cm
336 _2rdacontent
_atext
337 _2rdamedia
_aunmediated
338 _2rdacarrier
_avolume
650 1 0 _aChildren's stories, English
942 _ddc
_cB
999 _c92091
_d92091